Name the 5 Oceans in 15 Seconds - Statistics

General Stats
  • This quiz has been taken 201 times
  • The average score is 4 of 5
Answer Stats
Oceans % Correct
Pacific
88%
Indian
85%
Atlantic
82%
Arctic
57%
Southern
40%
No matching quizzes found
Score Distribution
Percent of People with Each Score
Percentile by Number Answered
Your Score History
You have not taken this quiz